000 00713nam a2200193Ii 4500
003 JO-AjNU
008 230605s9999||||xx |||||||||||||| ||und||
040 _aJO-AjNU
_bara
_erda
_cJO-AjNU
041 _aara
050 1 4 _aHG1641 2000
100 3 _aسعيد، عبدالسلام لفته,
_eauthor
_944639
245 0 0 _aالائتمان المصرفي
264 3 1 _aليبيا: اكاديمية الدراسات العليا والبحوث الاقتصادية، 2000
300 _a226ص
_bيحتوي على ببلوغرافية من 219-226ص
336 _atext
_btxt
_2rdacontent
337 _aunmediated
_bn
_2rdamedia
338 _avolume
_bnc
_2rdacarrier
650 4 _aالائتمان المصرفي
_944640
999 _aA19289
_c22857
_d22857